[Event "Chigorin Memorial"]
[Site "St Petersburg RUS"]
[Date "2013.10.12"]
[Round "8.124"]
[White "Rybakova, Polina"]
[Black "Kvitko, Nikita"]
[Result "1-0"]
[WhiteElo "1794"]
[BlackElo "1788"]
[WhiteFideId "24178829"]
[BlackFideId "13708341"]
[EventDate "2013.10.05"]

1. e4 d6 2. d4 g6 3. f4 Bg7 4. Nc3 c6 5. Nf3 Bg4 6. Be2 Nd7 7. Be3 Qb6 8. Rb1
O-O-O 9. Qd2 Bxf3 10. Bxf3 e6 11. O-O d5 12. e5 Ne7 13. Na4 Qc7 14. b3 Nf5 15.
Bf2 h5 16. c4 Nb6 17. Nxb6+ Qxb6 18. c5 Qc7 19. b4 f6 20. b5 cxb5 21. Rxb5 Kd7
22. Rfb1 Rb8 23. Qb2 Kc8 24. Qa3 Ra8 25. Be2 fxe5 26. Rxb7 Qd8 27. Qa6 1-0

[Event "Chigorin Memorial"]
[Site "St Petersburg RUS"]
[Date "2013.10.12"]
[Round "8.125"]
[White "Bezobrazov, Lev"]
[Black "Osipov, Vladimir N."]
[Result "1/2-1/2"]
[WhiteElo "1648"]
[BlackElo "1919"]
[WhiteFideId "4152409"]
[BlackFideId "34139823"]
[EventDate "2013.10.05"]

1. e4 e5 2. Nf3 Nc6 3. Bc4 Nf6 4. Ng5 Bc5 5. Bxf7+ Kf8 6. Bb3 d5 7. exd5 Nd4 8.
Ne6+ Bxe6 9. dxe6 Ne4 10. Qh5 Qf6 11. O-O Nxb3 12. axb3 Bxf2+ 13. Kh1 Ke7 14. d3
g6 15. Qh3 Ng5 16. Bxg5 Qxg5 17. Nc3 Qh4 18. Qxh4+ Bxh4 19. Rf7+ Kxe6 20. Rxc7
Raf8 21. g3 Bd8 22. Rxb7 Bb6 23. Ne4 h6 24. Kg2 Rc8 25. c3 Rcd8 26. Rd1 g5 27.
Kf3 Rhf8+ 28. Ke2 g4 29. Rh7 Rh8 30. Rxh8 Rxh8 31. Rf1 Bd8 32. c4 Be7 33. Ra1
Rb8 34. Kd2 Bb4+ 35. Kc2 a5 36. Rf1 Rh8 37. Rf6+ Ke7 38. Rg6 h5 39. d4 exd4 40.
Kd3 Kf7 41. Rg5 h4 42. Rxg4 hxg3 43. hxg3 Rh2 44. Rf4+ Ke6 45. Rf2 Rxf2 46. Nxf2
Ke5 47. Ne4 Bf8 48. g4 Be7 49. g5 Bf8 50. c5 Kd5 51. Nf6+ Kc6 52. Ne4 Kd5 53. g6
Bg7 54. Ng5 Bf6 55. c6 Kxc6 56. Ne6 Kb5 57. g7 Bxg7 58. Nxg7 Kb4 59. Kd2 Kxb3
60. Kc1 d3 61. Nf5 d2+ 62. Kxd2 Kxb2 1/2-1/2

[Event "Chigorin Memorial"]
[Site "St Petersburg RUS"]
[Date "2013.10.13"]
[Round "9.1"]
[White "Sjugirov, Sanan"]
[Black "Eljanov, Pavel"]
[Result "1/2-1/2"]
[WhiteTitle "GM"]
[BlackTitle "GM"]
[WhiteElo "2635"]
[BlackElo "2729"]
[WhiteFideId "4189302"]
[BlackFideId "14102951"]
[EventDate "2013.10.05"]

1. e4 c6 2. d4 d5 3. e5 Bf5 4. Nf3 e6 5. Be2 c5 6. Be3 Qb6 7. Nc3 Nc6 8. O-O
Qxb2 9. Qe1 cxd4 10. Bxd4 Nxd4 11. Nxd4 Bb4 12. Rb1 Bxc3 13. Rxb2 Bxe1 14. Rxe1
b6 15. Rb3 Ne7 16. Rc3 g5 17. Rc7 Bg6 18. g4 h5 19. h3 Kf8 20. Ba6 hxg4 21. hxg4
Rh4 22. f3 Bh7 23. Bb7 Re8 24. Ba6 Ra8 25. Bb7 Re8 26. Ba6 Ra8 27. Bb7 Re8 28.
Ba6 Ra8 29. Bb7 Re8 1/2-1/2

[Event "Chigorin Memorial"]
[Site "St Petersburg RUS"]
[Date "2013.10.13"]
[Round "9.2"]
[White "Areshchenko, Alexander"]
[Black "Khismatullin, Denis"]
[Result "1/2-1/2"]
[WhiteTitle "GM"]
[BlackTitle "GM"]
[WhiteElo "2714"]
[BlackElo "2656"]
[WhiteFideId "14109530"]
[BlackFideId "4142578"]
[EventDate "2013.10.05"]

1. e4 e5 2. Nf3 Nc6 3. Bb5 Nf6 4. O-O Nxe4 5. d4 Nd6 6. dxe5 Nxb5 7. a4 Nbd4 8.
Nxd4 Nxd4 9. Qxd4 d5 10. exd6 Qxd6 11. Qe3+ Be6 12. Nc3 a6 13. Rd1 Qc6 14. Rd3
Be7 15. Ne2 Bc4 16. Rd1 Rd8 17. Rxd8+ Kxd8 18. Nd4 Qd7 19. Qc3 Bf6 20. Qxc4 Qxd4
21. Qxd4+ Bxd4 22. Bg5+ f6 23. Rd1 fxg5 24. Rxd4+ Ke7 25. Re4+ Kf6 26. f4 gxf4
27. Rxf4+ Ke6 28. Re4+ Kd6 29. Rd4+ Ke6 30. Re4+ Kd6 31. Rd4+ Ke6 32. Re4+ 1/2-1/2

[Event "Chigorin Memorial"]
[Site "St Petersburg RUS"]
[Date "2013.10.13"]
[Round "9.5"]
[White "Burmakin, Vladimir"]
[Black "Zhigalko, Sergei"]
[Result "1/2-1/2"]
[WhiteTitle "GM"]
[BlackTitle "GM"]
[WhiteElo "2581"]
[BlackElo "2683"]
[WhiteFideId "4105109"]
[BlackFideId "13502956"]
[EventDate "2013.10.05"]

1. d4 Nf6 2. Nf3 e6 3. c4 b6 4. g3 Ba6 5. b3 Bb4+ 6. Bd2 Be7 7. Bg2 d5 8. cxd5
exd5 9. O-O O-O 10. Bc3 Re8 11. Qc2 Bf8 12. Re1 Bb7 13. Nbd2 a5 14. Ne5 Na6 15.
a3 c5 16. dxc5 Nxc5 17. Nef3 Nfe4 18. Nxe4 dxe4 19. Nd4 e3 20. f3 Ne6 21. Red1
Qc7 22. Qb2 Rad8 23. Rac1 Nxd4 24. Bxd4 Qd6 25. a4 h5 26. Qc2 Rc8 27. Bc3 Qe6
28. Qb2 Red8 29. Rxd8 Rxd8 30. b4 axb4 31. Bxb4 Bxb4 32. Qxb4 Ba6 33. a5 bxa5
34. Qxa5 Rd5 35. Qe1 Rd2 36. Bf1 Qd5 37. Ra1 Bc4 38. Rb1 Kh7 39. Ra1 g6 40. Rb1
Qd4 41. Rc1 Bd5 42. Bg2 Qb2 43. Bf1 Qd4 44. Bg2 g5 45. h4 Qb2 46. Bf1 g4 47.
fxg4 Qd4 48. Bg2 Bxg2 49. Kxg2 Qxg4 50. Kf1 Rd6 51. Rc3 Qe4 52. Kg1 Rg6 53. Rb3
Qe5 54. Kh2 Rf6 55. Qb1+ Kg7 56. Qb2 Rf2+ 57. Kg1 Qxb2 58. Rxb2 Kg6 59. Ra2 f6
60. Rb2 Kf5 61. Rb4 Rxe2 62. Rf4+ Ke5 63. Kf1 Rh2 64. Rf3 e2+ 65. Ke1 Rg2 66.
Kd2 f5 67. Re3+ Kd4 68. Rd3+ Ke5 69. Re3+ Kf6 70. Ke1 Kf7 71. Kd2 1/2-1/2

[Event "Chigorin Memorial"]
[Site "St Petersburg RUS"]
[Date "2013.10.13"]
[Round "9.6"]
[White "Matlakov, Maxim"]
[Black "David, Alberto"]
[Result "1-0"]
[WhiteTitle "GM"]
[BlackTitle "GM"]
[WhiteElo "2682"]
[BlackElo "2574"]
[WhiteFideId "4168003"]
[BlackFideId "4000013"]
[EventDate "2013.10.05"]

1. d4 Nf6 2. c4 g6 3. Nf3 Bg7 4. g3 O-O 5. Bg2 d5 6. cxd5 Nxd5 7. O-O Nb6 8. Nc3
Nc6 9. e3 Re8 10. a3 a5 11. d5 Ne5 12. Nd4 a4 13. Qc2 Bd7 14. Rd1 Qc8 15. e4 c5
16. dxc6 bxc6 17. Bf4 Nec4 18. Nf3 h6 19. Nd2 Be6 20. h4 Nxd2 21. Qxd2 Bb3 22.
Re1 Nc4 23. Qc1 Kh7 24. e5 Ra5 25. e6 f5 26. Bf1 Rd8 27. Bxc4 Bxc4 28. Qe3 Qb7
29. Rad1 Rxd1 30. Nxd1 Qb3 31. Qc1 Bd5 32. Nc3 Bc4 33. h5 gxh5 34. Bc7 Bxc3 35.
bxc3 Rd5 36. Qf4 Kg6 37. Kh2 Qc2 38. Bb6 c5 39. Kg2 Rd2 40. Bxc5 Bd5+ 1-0

[Event "Chigorin Memorial"]
[Site "St Petersburg RUS"]
[Date "2013.10.13"]
[Round "9.7"]
[White "Makarov, Marat"]
[Black "Romanov, Evgeny"]
[Result "1/2-1/2"]
[WhiteTitle "GM"]
[BlackTitle "GM"]
[WhiteElo "2512"]
[BlackElo "2654"]
[WhiteFideId "4101103"]
[BlackFideId "4148843"]
[EventDate "2013.10.05"]

1. Nf3 Nf6 2. c4 b6 3. b3 Bb7 4. e3 g6 5. Bb2 Bg7 6. Be2 O-O 7. O-O c5 8. Nc3 d5
9. Nxd5 Nxd5 10. Bxg7 Nxe3 11. fxe3 Kxg7 12. d4 Nd7 13. d5 Qc7 14. Qe1 Rae8 15.
Rd1 h6 16. Qc3+ Kh7 17. e4 e5 18. Nh4 Qd8 19. g3 Nf6 20. Qf3 Kg7 21. Ng2 Bc8 22.
Ne3 Nh7 23. g4 h5 24. gxh5 Ng5 25. Qg3 Nxe4 26. Qg2 Nd6 27. Rf3 g5 28. Rg3 Kh8
29. Kh1 Rg8 30. Rg1 f5 31. Rxg5 Rxg5 32. Qxg5 Qxg5 33. Rxg5 Ne4 34. Rg6 f4 35.
Ng4 Bf5 36. Rh6+ Kg7 37. Rc6 Nc3 38. Rc7+ Kh8 39. Nh6 Nxe2 40. Nxf5 Rg8 41. h4
f3 42. d6 Rg1+ 43. Kh2 Rg2+ 44. Kh1 Rg1+ 1/2-1/2

[Event "Chigorin Memorial"]
[Site "St Petersburg RUS"]
[Date "2013.10.13"]
[Round "9.8"]
[White "Khairullin, Ildar"]
[Black "Al-Modiahki, Mohamad"]
[Result "1-0"]
[WhiteTitle "GM"]
[BlackTitle "GM"]
[WhiteElo "2651"]
[BlackElo "2568"]
[WhiteFideId "4151348"]
[BlackFideId "12100030"]
[EventDate "2013.10.05"]

1. d4 Nf6 2. c4 d6 3. Nc3 e5 4. Nf3 Nbd7 5. e4 g6 6. Be2 Bg7 7. O-O O-O 8. Re1
Re8 9. Bf1 a5 10. Rb1 exd4 11. Nxd4 Ng4 12. h3 Ngf6 13. Ndb5 h6 14. Bf4 b6 15.
Qc2 Ne5 16. Rbd1 Nh5 17. Be3 Bxh3 18. gxh3 Nf3+ 19. Kh1 Nxe1 20. Rxe1 c6 21. Nd4
Qd7 22. Qd1 Rad8 23. Bg2 Kh7 24. Qd2 Qc7 25. b3 Qc8 26. Nde2 Qb8 27. Rd1 Qc7 28.
Na4 c5 29. Nac3 Qe7 30. Nd5 Qh4 31. Ng1 Nf6 32. Nf3 Qh5 33. Nf4 Nxe4 34. Nxh5
Nxd2 35. Nxg7 Rxe3 36. fxe3 Nxf3 37. Nh5 Ne5 38. Nf6+ Kg7 39. Rxd6 Rxd6 40. Ne8+
Kf8 41. Nxd6 1-0

[Event "Chigorin Memorial"]
[Site "St Petersburg RUS"]
[Date "2013.10.13"]
[Round "9.9"]
[White "Lintchevski, Daniil"]
[Black "Kovalenko, Igor"]
[Result "1/2-1/2"]
[WhiteTitle "GM"]
[BlackTitle "GM"]
[WhiteElo "2532"]
[BlackElo "2644"]
[WhiteFideId "4171055"]
[BlackFideId "14117908"]
[EventDate "2013.10.05"]

1. Nf3 Nf6 2. c4 g6 3. Nc3 Bg7 4. e4 O-O 5. d4 d6 6. Be2 Bg4 7. Be3 Nfd7 8. Ng1
Bxe2 9. Ngxe2 c5 10. O-O cxd4 11. Nxd4 Nc6 12. Rc1 Rc8 13. b3 Qa5 14. Qd2 Rfe8
15. Rfd1 a6 16. h3 Nc5 17. Nde2 Red8 18. Bh6 Be5 19. Qe3 Re8 20. Qd2 Red8 21.
Qe3 Re8 22. Qd2 b5 23. cxb5 axb5 24. Nd5 Qxd2 25. Rxd2 e6 26. Nb6 Rb8 27. Nd7
Nxd7 28. Rxc6 Nf6 29. f4 Nxe4 30. fxe5 Nxd2 31. Bxd2 dxe5 32. Bh6 Rec8 33. Rd6
Rb7 34. Ng3 f5 35. Rxe6 e4 36. Ra6 Kf7 37. Ne2 Rcc7 38. Be3 Rd7 39. h4 Rbc7 40.
Bg5 Ra7 41. Rf6+ Ke8 42. Re6+ Kf7 43. Rf6+ Ke8 44. Re6+ Kf7 45. Rf6+ 1/2-1/2

[Event "Chigorin Memorial"]
[Site "St Petersburg RUS"]
[Date "2013.10.13"]
[Round "9.10"]
[White "Malakhov, Igor"]
[Black "Korneev, Oleg"]
[Result "0-1"]
[WhiteTitle "FM"]
[BlackTitle "GM"]
[WhiteElo "2434"]
[BlackElo "2622"]
[WhiteFideId "4183088"]
[BlackFideId "4156803"]
[EventDate "2013.10.05"]

1. e4 c5 2. Nf3 e6 3. c3 Nf6 4. e5 Nd5 5. g3 d6 6. exd6 Bxd6 7. d4 O-O 8. Bg2
Nc6 9. O-O a6 10. dxc5 Bxc5 11. Nbd2 Ba7 12. Qe2 Qc7 13. c4 Nde7 14. Re1 f6 15.
Nb3 e5 16. Be3 Bxe3 17. Qxe3 Be6 18. Rac1 Rad8 19. Nc5 Bc8 20. Qa3 Qd6 21. b4 b6
22. Nxa6 Bxa6 23. c5 Qd3 24. Rc3 Qb5 25. Qb3+ Kh8 26. Bf1 Qxb4 27. Bxa6 bxc5 28.
Rec1 e4 29. Ne1 Nd4 30. Qc4 Qb6 31. a4 Nd5 32. Ra3 Nb4 33. Bb5 Nd3 34. Nxd3 Ne2+
35. Kf1 exd3 36. Rd1 Rd4 37. Qa2 Qb7 38. Raxd3 Nc3 39. Rxc3 Qh1+ 0-1

[Event "Chigorin Memorial"]
[Site "St Petersburg RUS"]
[Date "2013.10.13"]
[Round "9.11"]
[White "Solak, Dragan"]
[Black "Belous, Vladimir"]
[Result "1-0"]
[WhiteTitle "GM"]
[BlackTitle "GM"]
[WhiteElo "2611"]
[BlackElo "2554"]
[WhiteFideId "916811"]
[BlackFideId "4174003"]
[EventDate "2013.10.05"]

1. e4 c5 2. Nf3 Nc6 3. d4 cxd4 4. Nxd4 e5 5. Nb5 d6 6. N1c3 a6 7. Na3 b5 8. Nd5
Nge7 9. c4 Nxd5 10. exd5 Nd4 11. cxb5 g6 12. Be3 Nf5 13. bxa6 Nxe3 14. fxe3 Qh4+
15. g3 Qe4 16. Kf2 Bh6 17. Bb5+ Ke7 18. Qd3 Qxd3 19. Bxd3 e4 20. Bxe4 Bxa6 21.
Nc2 Rhb8 22. b3 Kf8 23. Rhe1 Rc8 24. Nb4 Bg7 25. Nc6 f5 26. Bf3 Bxa1 27. Rxa1
Ke8 28. a4 Kd7 29. Be2 Bxe2 30. Kxe2 Kc7 31. Rc1 Kb6 32. Rc4 Re8 33. Kd3 Re4 34.
Nd4 Kb7 35. Nb5 Rd8 36. Rc6 Re7 37. Nxd6+ Kb8 38. Kd4 h5 39. a5 h4 40. b4 hxg3
41. hxg3 1-0

[Event "Chigorin Memorial"]
[Site "St Petersburg RUS"]
[Date "2013.10.13"]
[Round "9.12"]
[White "Akopian, Vladimir"]
[Black "Baron, Tal"]
[Result "1-0"]
[WhiteTitle "GM"]
[BlackTitle "GM"]
[WhiteElo "2684"]
[BlackElo "2473"]
[WhiteFideId "13300032"]
[BlackFideId "2809958"]
[EventDate "2013.10.05"]

1. e4 e5 2. Nf3 Nc6 3. Bb5 a6 4. Ba4 Nf6 5. O-O Be7 6. d3 b5 7. Bb3 d6 8. a4 Bd7
9. c3 Na5 10. Bc2 c5 11. d4 Qb8 12. Bg5 h6 13. Bh4 Bg4 14. dxe5 dxe5 15. h3 Be6
16. Bg3 Nd7 17. Nbd2 O-O 18. Qe2 Nc4 19. Nxc4 Bxc4 20. Bd3 Bxd3 21. Qxd3 Rd8 22.
axb5 axb5 23. Rxa8 Qxa8 24. Qxb5 Qxe4 25. Rd1 Qf5 26. Qc6 Kh7 27. Qc7 f6 28. b4
cxb4 29. cxb4 Kg8 30. Nh4 Qe6 31. b5 f5 32. Nxf5 Qxf5 33. b6 Kh7 34. b7 h5 35.
h4 Bf6 36. Qc8 Qg4 37. Rxd7 Rxd7 38. b8=Q Qd1+ 39. Kh2 Rd8 40. Qf5+ 1-0

[Event "Chigorin Memorial"]
[Site "St Petersburg RUS"]
[Date "2013.10.13"]
[Round "9.13"]
[White "Bernadskiy, Vitaliy"]
[Black "Demchenko, Anton"]
[Result "1-0"]
[WhiteTitle "IM"]
[BlackTitle "GM"]
[WhiteElo "2527"]
[BlackElo "2632"]
[WhiteFideId "14100371"]
[BlackFideId "4160258"]
[EventDate "2013.10.05"]

1. d4 Nf6 2. c4 d6 3. Nf3 Nbd7 4. Nc3 e5 5. e4 Be7 6. Be2 O-O 7. O-O c6 8. Qc2
a6 9. Rd1 Qc7 10. Bg5 h6 11. Bh4 Re8 12. Rac1 Nf8 13. c5 exd4 14. cxd6 Bxd6 15.
Rxd4 Ng4 16. Bg3 Bxg3 17. hxg3 Qa5 18. b4 Qh5 19. Nh4 a5 20. Qd1 Ng6 21. e5
N6xe5 22. Ne4 f5 23. Nd6 Re7 24. f4 Nf7 25. Bc4 Kh7 26. Nxf7 Rxf7 27. Rd8 b5 28.
Bb3 a4 29. Bxf7 Qxf7 30. Qd3 g5 31. Qd4 1-0

[Event "Chigorin Memorial"]
[Site "St Petersburg RUS"]
[Date "2013.10.13"]
[Round "9.14"]
[White "Sivuk, Vitaly"]
[Black "Volkov, Sergey"]
[Result "1/2-1/2"]
[WhiteTitle "IM"]
[BlackTitle "GM"]
[WhiteElo "2517"]
[BlackElo "2628"]
[WhiteFideId "14116502"]
[BlackFideId "4122763"]
[EventDate "2013.10.05"]

1. g3 d5 2. Bg2 c5 3. f4 g6 4. Nf3 Bg7 5. O-O e6 6. d3 Ne7 7. e4 Nbc6 8. c4 O-O
9. Nc3 Bxc3 10. bxc3 dxe4 11. dxe4 Qxd1 12. Rxd1 b6 13. g4 Kg7 14. f5 exf5 15.
exf5 gxf5 16. Rd6 f4 17. Bxf4 Ng6 18. Bg3 Na5 19. Ng5 Bxg4 20. Bxa8 Rxa8 21. Rf1
Rf8 22. Rdf6 Nh8 23. Bd6 Re8 24. R6f4 Be2 25. Re1 h6 26. Re4 Rg8 27. R1xe2 hxg5
28. Re8 Rxe8 29. Rxe8 Ng6 30. Bb8 a6 31. Bc7 Nxc4 32. Ra8 Ne7 33. Bd8 Nd5 34.
Bxg5 a5 35. h4 f6 36. Bc1 Nxc3 37. Kf2 Nxa2 38. Bf4 Nb4 39. Kg3 Nd3 40. h5 Nxf4
41. Kxf4 b5 42. Rc8 Ne5 43. Kf5 c4 44. Rc7+ Kh6 45. Kxf6 Nd3 46. Rc8 Kxh5 47.
Kf5 Kh4 48. Ke4 a4 49. Kd4 a3 50. Ra8 Nb4 51. Kc5 Nd3+ 52. Kxb5 c3 53. Rxa3 1/2-1/2

[Event "Chigorin Memorial"]
[Site "St Petersburg RUS"]
[Date "2013.10.13"]
[Round "9.15"]
[White "Andriasian, Zaven"]
[Black "Stukopin, Andrey"]
[Result "1/2-1/2"]
[WhiteTitle "GM"]
[BlackTitle "IM"]
[WhiteElo "2621"]
[BlackElo "2515"]
[WhiteFideId "13302000"]
[BlackFideId "24107131"]
[EventDate "2013.10.05"]

1. Nf3 c5 2. g3 Nc6 3. Bg2 g6 4. c4 Bg7 5. O-O d6 6. Nc3 Nh6 7. d3 Nf5 8. Bd2
Bd7 9. Rb1 h5 10. h4 Ncd4 11. Ng5 Bc6 12. Nce4 Qd7 13. Bc3 f6 14. Nf3 Nxf3+ 15.
Bxf3 Nd4 16. Bxd4 cxd4 17. b4 b6 18. Qb3 Rc8 19. Rfe1 O-O 20. c5+ Kh7 21. cxd6
e6 22. Qa3 Bxe4 23. Bxe4 f5 24. Bf3 Be5 25. Rec1 Bxd6 26. Qb3 Rxc1+ 27. Rxc1 Rc8
28. Rc4 Be7 29. a4 Kg7 30. Qc2 Rxc4 31. Qxc4 Kf7 32. b5 Bc5 33. a5 Qc7 34. a6
Qe5 35. Qc1 Qc7 36. Kf1 Bd6 37. Bc6 Bc5 38. Qh6 Qe5 39. Qg5 Be7 40. Qh6 Bf8 41.
Qc1 Qc5 42. Qf4 Bd6 43. Qf3 Ke7 44. Kg2 Be5 45. Kh2 Bd6 46. Kh3 Qc1 47. Kg2 Qc5
48. Kh2 Qc2 49. e4 dxe3 50. Qxe3 Qc3 51. d4 1/2-1/2

[Event "Chigorin Memorial"]
[Site "St Petersburg RUS"]
[Date "2013.10.13"]
[Round "9.17"]
[White "Neverov, Valeriy"]
[Black "Zhigalko, Andrey"]
[Result "1-0"]
[WhiteTitle "GM"]
[BlackTitle "GM"]
[WhiteElo "2505"]
[BlackElo "2615"]
[WhiteFideId "14100150"]
[BlackFideId "13502247"]
[EventDate "2013.10.05"]

1. Nf3 c5 2. c4 Nc6 3. Nc3 g6 4. e3 Nf6 5. b3 Bg7 6. Bb2 O-O 7. Be2 e5 8. O-O e4
9. Ne1 d5 10. cxd5 Nxd5 11. Rc1 Bf5 12. f3 Nxc3 13. Bxc3 Bxc3 14. Rxc3 Qe7 15.
g4 exf3 16. Bxf3 Bd7 17. Nd3 b6 18. Nf4 Rad8 19. d4 Qg5 20. Ng2 cxd4 21. exd4
Rc8 22. h4 Qa5 23. Rc4 b5 24. Rc2 Qb6 25. Rd2 Rcd8 26. Nf4 Ne7 27. Qe2 Rfe8 28.
Qf2 Qd6 29. Nd3 Bc8 30. Nc5 Nd5 31. Re2 Nf4 32. Rxe8+ Rxe8 33. Kh1 Nh3 34. Qd2
Qg3 35. Ne4 Qxh4 36. Qe1 Qxe1 37. Rxe1 Kf8 38. Rf1 Rd8 39. Kg2 Nf4+ 40. Kg3 Ne6
41. Rc1 Nxd4 42. Rc7 a5 43. Ng5 Bd7 44. Nxh7+ Ke7 45. Ra7 Rc8 46. Bd5 Rc3+ 47.
Kf4 Kd6 48. Nf6 Rc7 49. Rxc7 Kxc7 50. Nxd7 Kxd7 51. Bxf7 Ke7 52. Bxg6 Ne2+ 53.
Kg5 a4 54. bxa4 bxa4 55. Bd3 Nc3 56. a3 Ke6 57. Kh6 Ke5 58. g5 Kd4 59. Bc2 Nb5
60. g6 Kc3 61. Bxa4 Nd6 62. Bd7 1-0

[Event "Chigorin Memorial"]
[Site "St Petersburg RUS"]
[Date "2013.10.13"]
[Round "9.19"]
[White "Jumabayev, Rinat"]
[Black "Popilski, Gil"]
[Result "1-0"]
[WhiteTitle "GM"]
[BlackTitle "GM"]
[WhiteElo "2568"]
[BlackElo "2486"]
[WhiteFideId "13702661"]
[BlackFideId "2809060"]
[EventDate "2013.10.05"]

1. Nf3 Nf6 2. c4 c5 3. Nc3 d5 4. cxd5 Nxd5 5. d4 Nxc3 6. bxc3 g6 7. e3 Bg7 8.
Be2 O-O 9. O-O Nc6 10. Qa4 cxd4 11. cxd4 Bf5 12. Ba3 a6 13. Rac1 b5 14. Qb3 Be6
15. Qb1 Rc8 16. Bc5 Qd5 17. a3 Bf5 18. Qb2 Rb8 19. Ng5 Qd7 20. Rfd1 h6 21. Nf3
Rfd8 22. Qb3 Be4 23. Nd2 Bd5 24. Qb1 Qe6 25. Bf3 Bxf3 26. Nxf3 Na5 27. Nd2 Rbc8
28. Bb4 Nc6 29. Nb3 Qf6 30. Bc3 Qd6 31. Nc5 Rf8 32. Qb3 e6 33. h3 Ne7 34. Bb4
Qc6 35. Nxe6 Qxc1 36. Nxf8 Qc4 37. Qxc4 Rxc4 38. Nd7 Nd5 39. Nc5 f5 40. Nxa6 f4
41. Bd2 fxe3 42. fxe3 Bf8 43. Rb1 Nc3 44. Bxc3 Rxc3 45. Kf2 Rxa3 46. Nc7 b4 47.
Kf3 Ra5 48. Ke4 Bd6 49. Nd5 Rb5 50. Nf4 Bxf4 51. Kxf4 b3 52. Rb2 Kf7 53. Ke4 Ke6
54. Kd3 Rb8 55. e4 Kd6 56. Kc4 Rc8+ 57. Kxb3 1-0

[Event "Chigorin Memorial"]
[Site "St Petersburg RUS"]
[Date "2013.10.13"]
[Round "9.20"]
[White "Romanko, Marina"]
[Black "Rozum, Ivan"]
[Result "1/2-1/2"]
[WhiteTitle "IM"]
[BlackTitle "IM"]
[WhiteElo "2359"]
[BlackElo "2533"]
[WhiteFideId "4149351"]
[BlackFideId "24104272"]
[EventDate "2013.10.05"]

1. d4 g6 2. c4 Bg7 3. e4 d6 4. Nc3 Nd7 5. Be3 e5 6. Nge2 Ngf6 7. f3 c6 8. Qd2
O-O 9. d5 cxd5 10. cxd5 a6 11. Nc1 Nh5 12. Nd3 f5 13. O-O-O Ndf6 14. Be2 Bd7 15.
Kb1 Rc8 16. Rhg1 Qe7 17. g3 Qe8 18. Rc1 Qd8 19. Qd1 fxe4 20. fxe4 Rxc3 21. Rxc3
Nxe4 22. Rc1 Nhf6 23. Nb4 a5 24. Nc2 b5 25. g4 b4 26. Qd3 Qb8 27. Ka1 g5 28. h4
h6 29. hxg5 hxg5 30. Qa6 Qa8 31. Ba7 Nc5 32. Qxa5 Nxd5 33. Bc4 Be6 34. Bxd5 Bxd5
35. Nxb4 Bf3 36. Qc7 Rf7 37. Qb8+ Qxb8 38. Bxb8 Bf8 39. Rgf1 Rf4 40. Ba7 Be2 41.
Rfe1 Nd3 42. Nxd3 Bxd3 43. Be3 Rf3 44. Bxg5 e4 45. Re3 Rf2 46. Bh4 Rf4 47. a3
Kf7 48. Rd1 Rxg4 49. Bg3 d5 50. Rdxd3 exd3 51. Rxd3 Ke6 52. Ka2 d4 53. b4 Kd5
54. Kb3 Rg8 55. Bf2 Rg4 56. a4 Rf4 57. Rxd4+ Rxd4 58. Bxd4 Kxd4 59. a5 Kd5 60.
a6 1/2-1/2

[Event "Chigorin Memorial"]
[Site "St Petersburg RUS"]
[Date "2013.10.13"]
[Round "9.21"]
[White "Epishin, Vladimir"]
[Black "Iljiushenok, Ilia"]
[Result "1/2-1/2"]
[WhiteTitle "GM"]
[WhiteElo "2572"]
[BlackElo "2418"]
[WhiteFideId "4162714"]
[BlackFideId "24105074"]
[EventDate "2013.10.05"]

1. d4 d5 2. Nf3 Bf5 3. c4 e6 4. cxd5 exd5 5. Bg5 Be7 6. Bxe7 Qxe7 7. Qb3 c6 8.
Nbd2 Nf6 9. e3 Ne4 10. Nxe4 Bxe4 11. Be2 O-O 12. O-O Re8 13. Rac1 Rc8 14. Ne5
Rc7 15. Bg4 Na6 16. f3 Bg6 17. a3 Rd8 18. Rc3 Nb8 19. Rfc1 Qd6 20. Qb4 Qxb4 21.
axb4 a6 22. h4 f6 23. Nxg6 hxg6 24. h5 Kf7 25. hxg6+ Kxg6 26. Bh3 Re7 27. Kf2
Nd7 28. g4 Kf7 29. Rh1 Nb6 30. Bf1 Nc8 31. Bd3 Ree8 32. Rcc1 Rh8 33. Kg3 Nd6 34.
Rh5 g6 35. Rxh8 Rxh8 36. e4 dxe4 37. fxe4 Re8 38. Re1 Nb5 39. Bc4+ Ke7 40. e5
Rd8 41. exf6+ Kxf6 42. Re6+ Kg7 43. d5 cxd5 44. Bd3 Rd6 45. Re7+ Kf6 46. Rxb7
Nd4 47. Ra7 Nb5 48. Rh7 Nd4 49. Kf4 Ne6+ 50. Ke3 Ke5 51. Rf7 Rb6 52. b5 axb5 53.
Bxg6 Ra6 54. Rf5+ Kd6 55. Bf7 Ra4 56. g5 Re4+ 57. Kd2 Rd4+ 58. Kc1 Rf4 59. Rxf4
Nxf4 60. g6 Ke7 61. Kc2 d4 62. b4 Kf6 63. Be8 Nd5 64. Kb3 d3 65. Bxb5 d2 66. Be2
Nxb4 67. Kxb4 Kxg6 1/2-1/2

[Event "Chigorin Memorial"]
[Site "St Petersburg RUS"]
[Date "2013.10.13"]
[Round "9.23"]
[White "Stocek, Jiri"]
[Black "Solovjov, Sergey I."]
[Result "1-0"]
[WhiteTitle "GM"]
[BlackTitle "IM"]
[WhiteElo "2543"]
[BlackElo "2381"]
[WhiteFideId "304760"]
[BlackFideId "4122780"]
[EventDate "2013.10.05"]

1. c4 Nf6 2. Nc3 g6 3. e4 d6 4. d4 Bg7 5. Bd3 O-O 6. h3 Nc6 7. d5 Ne5 8. Nf3
Nxd3+ 9. Qxd3 c5 10. O-O a6 11. a4 Nh5 12. Re1 e5 13. dxe6 Bxe6 14. a5 h6 15.
Bd2 f5 16. Nd5 Kh7 17. exf5 Bxf5 18. Qb3 Nf6 19. Nb6 Rb8 20. Bc3 Re8 21. Rad1
Be4 22. Ne5 Qc7 23. Ng4 Nxg4 24. hxg4 Bc6 25. Qc2 Qf7 26. Bxg7 Qxg7 27. Qd2 Qd4
28. Qxd4 cxd4 29. Rxe8 Rxe8 30. Kf1 Re5 31. b4 Re4 32. f3 Re3 33. Rxd4 Rb3 34.
Nd5 Kg7 35. Kf2 Bxd5 36. Rxd5 Rxb4 37. Rxd6 Ra4 38. Rb6 Rxa5 39. Rxb7+ Kf6 40.
Rb6+ Kf7 41. Ke3 Ra1 42. c5 a5 43. c6 Rc1 44. Kd4 a4 45. Kd5 Ke7 46. Rb7+ Kd8
47. Ra7 Ra1 48. Kd6 Rd1+ 49. Ke6 Rd2 50. Rxa4 Rxg2 51. Kf6 g5 52. Kg6 Rh2 53.
Ra8+ Kc7 54. Rh8 1-0

[Event "Chigorin Memorial"]
[Site "St Petersburg RUS"]
[Date "2013.10.13"]
[Round "9.25"]
[White "Svetlov, Dmitry"]
[Black "Anisimov, Pavel2"]
[Result "1/2-1/2"]
[WhiteTitle "FM"]
[BlackTitle "IM"]
[WhiteElo "2371"]
[BlackElo "2538"]
[WhiteFideId "24102610"]
[BlackFideId "4135229"]
[EventDate "2013.10.05"]

1. Nf3 Nf6 2. d4 e6 3. g3 b5 4. Qd3 a6 5. Bg2 Bb7 6. O-O c5 7. c3 Be7 8. dxc5
Bxc5 9. Be3 Be4 10. Qd2 Qb6 11. Bxc5 Qxc5 12. a4 O-O 13. Qd4 Qxd4 14. Nxd4 Bxg2
15. Kxg2 Nc6 16. Rd1 b4 17. Nxc6 dxc6 18. cxb4 Rfb8 19. Rd4 a5 20. Nd2 axb4 21.
Rc4 Ra6 22. b3 Kf8 23. Rac1 Rbb6 24. Nf3 Nd7 25. Ne1 Ne5 26. Re4 Ra5 27. f4 Nd7
28. Nd3 c5 29. Rec4 Rd6 30. Nxc5 Nxc5 31. Rxc5 Rxc5 32. Rxc5 Rd2 33. Re5 Rb2 34.
Re3 Ke7 35. Kf3 Kd6 36. g4 f5 37. gxf5 exf5 38. Rd3+ Kc5 39. Ke3 g6 40. h3 Rc2
41. Kf2 Rc1 42. Kf3 Rh1 43. Kg2 Re1 44. e3 Rb1 45. Kf2 h6 46. h4 Rb2+ 47. Ke1 h5
48. Kd1 Rh2 49. Rd4 Rxh4 50. Rc4+ Kd5 51. Ke2 Rh2+ 52. Kf3 h4 53. Rxb4 Rh3+ 54.
Kf2 Rh2+ 55. Kf1 Ra2 56. Rd4+ Kc6 57. Rd8 h3 58. Kg1 Rb2 59. Rg8 Kd5 1/2-1/2